[Event "blitmenteam"]
[Site "?"]
[Date "2016.10.07"]
[Round "13.18"]
[White "Shemeakin, Alexander"]
[Black "Chigaev, Maksim"]
[Result "0-1"]
[LiveChessVersion "1.4.4"]
[BlackElo "2563"]
[WhiteElo "2318"]

1. d4 {[%clk 0:03:02]} g6 {[%clk 0:03:04]} 2. c4 {[%clk 0:03:03]} Bg7
{[%clk 0:03:05]} 3. e4 {[%clk 0:03:05]} d6 {[%clk 0:03:06]} 4. Ne2
{[%clk 0:03:05]} Nf6 {[%clk 0:03:06]} 5. Nbc3 {[%clk 0:03:06]} O-O
{[%clk 0:03:07]} 6. Ng3 {[%clk 0:03:08]} c5 {[%clk 0:03:08]} 7. d5
{[%clk 0:03:09]} e6 8. Be2 exd5 {[%clk 0:03:10]} 9. cxd5 {[%clk 0:03:12]} a6
{[%clk 0:03:10]} 10. a4 {[%clk 0:03:13]} Nbd7 {[%clk 0:03:11]} 11. O-O
{[%clk 0:03:14]} Re8 {[%clk 0:03:12]} 12. Bg5 {[%clk 0:03:15]} h6
{[%clk 0:03:11]} 13. Be3 {[%clk 0:03:16]} h5 {[%clk 0:03:12]} 14. Bg5
{[%clk 0:03:17]} Re5 {[%clk 0:03:14]} 15. Bf4 {[%clk 0:02:58]} h4
{[%clk 0:03:15]} 16. Bxe5 {[%clk 0:02:53]} Nxe5 {[%clk 0:03:14]} 17. Nh1
{[%clk 0:02:54]} g5 {[%clk 0:03:11]} 18. f3 {[%clk 0:02:22]} Rb8 {[%clk 0:03:06]}
19. Qd2 {[%clk 0:02:16]} Nh5 {[%clk 0:02:55]} 20. g3 {[%clk 0:02:16]} c4
{[%clk 0:02:26]} 21. Qe3 {[%clk 0:02:04]} Bh6 {[%clk 0:01:28]} 22. Rf2
{[%clk 0:01:42]} Kh7 {[%clk 0:01:10]} 23. f4 {[%clk 0:01:36]} gxf4
{[%clk 0:01:08]} 24. gxf4 {[%clk 0:01:36]} Nxf4 {[%clk 0:01:02]} 25. Rxf4
{[%clk 0:01:01]} Qg5+ {[%clk 0:01:02]} 26. Kf1 {[%clk 0:00:48]} Qxf4+ 27. Qxf4
{[%clk 0:00:50]} Bxf4 {[%clk 0:01:03]} 28. Kg1 {[%clk 0:00:34]} b5
{[%clk 0:00:55]} 29. axb5 {[%clk 0:00:35]} axb5 {[%clk 0:00:56]} 30. Nf2
{[%clk 0:00:32]} b4 {[%clk 0:00:57]} 31. Ncd1 {[%clk 0:00:34]} Bd7
{[%clk 0:00:44]} 32. Ra7 {[%clk 0:00:34]} Rc8 {[%clk 0:00:28]} 33. h3
{[%clk 0:00:17]} c3 {[%clk 0:00:27]} 34. bxc3 {[%clk 0:00:18]} bxc3
{[%clk 0:00:28]} 35. Nd3 {[%clk 0:00:15]} c2 {[%clk 0:00:28]} 36. N1f2
{[%clk 0:00:17]} Nxd3 {[%clk 0:00:15]} 37. Nxd3 {[%clk 0:00:18]} Be3+ 38. Kg2
Bxa7 {[%clk 0:00:16]} 0-1

[Event "blitmenteam"]
[Site "?"]
[Date "2016.10.07"]
[Round "13.19"]
[White "Yuffa, Daniil"]
[Black "Neznanov, Aleksandr"]
[Result "1-0"]
[LiveChessVersion "1.4.4"]
[BlackElo "1902"]
[WhiteElo "2460"]

1. d4 {[%clk 0:03:03]} d5 {[%clk 0:03:03]} 2. c4 {[%clk 0:03:04]} e6
{[%clk 0:03:04]} 3. Nf3 {[%clk 0:03:05]} Nf6 {[%clk 0:03:06]} 4. g3
{[%clk 0:03:07]} Be7 {[%clk 0:03:07]} 5. Bg2 {[%clk 0:03:08]} O-O
{[%clk 0:03:07]} 6. O-O {[%clk 0:03:09]} dxc4 {[%clk 0:03:08]} 7. Ne5
{[%clk 0:03:10]} c5 {[%clk 0:03:10]} 8. Na3 {[%clk 0:03:10]} cxd4
{[%clk 0:03:06]} 9. Naxc4 {[%clk 0:03:10]} h6 {[%clk 0:02:50]} 10. Bd2
{[%clk 0:03:11]} Nbd7 {[%clk 0:02:43]} 11. Ba5 {[%clk 0:03:05]} Nb6
{[%clk 0:02:40]} 12. Qb3 {[%clk 0:03:04]} Bd7 {[%clk 0:02:21]} 13. Nxb6
{[%clk 0:02:39]} axb6 {[%clk 0:02:20]} 14. Bxb6 {[%clk 0:02:40]} Qb8
{[%clk 0:02:22]} 15. Nxd7 {[%clk 0:02:37]} Nxd7 {[%clk 0:02:23]} 16. Bxd4
{[%clk 0:02:38]} Nc5 {[%clk 0:02:13]} 17. Qb5 {[%clk 0:02:38]} Qd6
{[%clk 0:02:05]} 18. Rfd1 {[%clk 0:02:35]} Rad8 {[%clk 0:01:47]} 19. Bf3
{[%clk 0:01:38]} e5 {[%clk 0:01:35]} 20. Bxc5 {[%clk 0:01:30]} Qxc5
{[%clk 0:01:30]} 21. Qxc5 {[%clk 0:01:30]} Bxc5 {[%clk 0:01:31]} 22. Bxb7 Rb8 23.
Rd7 {[%clk 0:01:30]} Bd4 {[%clk 0:01:27]} 24. Rb1 {[%clk 0:01:28]} Rfd8
{[%clk 0:01:16]} 25. Rxd8+ {[%clk 0:01:29]} Rxd8 {[%clk 0:01:17]} 26. e3
{[%clk 0:01:27]} Bb6 {[%clk 0:01:15]} 27. a4 {[%clk 0:01:23]} Rb8
{[%clk 0:01:04]} 28. Bc6 {[%clk 0:01:21]} Ba5 {[%clk 0:00:59]} 29. Bb5
{[%clk 0:01:21]} Bb4 {[%clk 0:01:00]} 30. Rc1 {[%clk 0:01:19]} Rd8
{[%clk 0:00:44]} 31. Rc4 {[%clk 0:01:18]} Be7 {[%clk 0:00:39]} 32. Rc7
{[%clk 0:01:14]} Bb4 {[%clk 0:00:37]} 33. Bc4 {[%clk 0:01:12]} Rd1+
{[%clk 0:00:15]} 34. Kg2 {[%clk 0:01:10]} Rd2 {[%clk 0:00:16]} 35. Bxf7+
{[%clk 0:01:02]} Kh7 {[%clk 0:00:14]} 36. b3 {[%clk 0:01:00]} Ba5
{[%clk 0:00:14]} 37. Rb7 {[%clk 0:00:59]} Rb2 {[%clk 0:00:13]} 38. Kf1
{[%clk 0:00:49]} Rb1+ {[%clk 0:00:10]} 39. Ke2 {[%clk 0:00:48]} Rb2+
{[%clk 0:00:11]} 40. Kf1 {[%clk 0:00:40]} Rb1+ {[%clk 0:00:12]} 41. Kg2
{[%clk 0:00:42]} Rb2 {[%clk 0:00:13]} 42. Bc4 {[%clk 0:00:22]} e4
{[%clk 0:00:08]} 43. Bd5 {[%clk 0:00:23]} Be1 {[%clk 0:00:07]} 44. Bxe4+
{[%clk 0:00:23]} Rxf2+ {[%clk 0:00:08]} 1-0

[Event "blitmenteam"]
[Site "?"]
[Date "2016.10.07"]
[Round "13.20"]
[White "Semukhin, Mihail"]
[Black "Lugovskoy, Maxim"]
[Result "0-1"]
[LiveChessVersion "1.4.4"]
[BlackElo "2427"]
[WhiteElo "2069"]

1. d4 {[%clk 0:03:03]} e6 {[%clk 0:03:03]} 2. c4 {[%clk 0:03:03]} d5
{[%clk 0:03:05]} 3. Nc3 {[%clk 0:03:04]} a6 {[%clk 0:03:06]} 4. c5
{[%clk 0:02:58]} Nf6 {[%clk 0:02:58]} 5. Nf3 {[%clk 0:02:59]} b6 {[%clk 0:02:56]}
6. cxb6 cxb6 {[%clk 0:02:57]} 7. Bf4 {[%clk 0:02:57]} b5 {[%clk 0:02:52]} 8. e3
{[%clk 0:02:45]} b4 {[%clk 0:02:40]} 9. Na4 {[%clk 0:02:42]} Ne4 {[%clk 0:02:35]}
10. Bd3 {[%clk 0:02:40]} Be7 {[%clk 0:02:35]} 11. O-O {[%clk 0:02:40]} O-O
{[%clk 0:02:36]} 12. Rc1 {[%clk 0:02:29]} Bd7 {[%clk 0:02:27]} 13. Nc5
{[%clk 0:01:49]} Nxc5 {[%clk 0:02:19]} 14. dxc5 Nc6 15. Ne5 {[%clk 0:01:47]} Bf6
{[%clk 0:02:04]} 16. Nxc6 Bxc6 17. Bd6 {[%clk 0:01:42]} Re8 {[%clk 0:02:07]} 18.
Qe2 {[%clk 0:01:33]} a5 {[%clk 0:02:02]} 19. Rfd1 {[%clk 0:01:30]} e5
{[%clk 0:01:59]} 20. e4 {[%clk 0:01:29]} d4 21. Bb5 {[%clk 0:01:09]} Qd7
{[%clk 0:02:00]} 22. Bxc6 Qxc6 {[%clk 0:02:01]} 23. g3 {[%clk 0:00:56]} g6
{[%clk 0:02:02]} 24. h4 {[%clk 0:00:55]} h5 {[%clk 0:01:52]} 25. Kg2
{[%clk 0:00:55]} Be7 {[%clk 0:01:48]} 26. Bxe5 {[%clk 0:00:32]} Bf8
{[%clk 0:01:31]} 27. Bxd4 {[%clk 0:00:28]} Rxe4 {[%clk 0:01:32]} 28. Qf3
{[%clk 0:00:30]} Rae8 {[%clk 0:01:23]} 29. Be3 {[%clk 0:00:30]} a4
{[%clk 0:00:59]} 30. Rd3 {[%clk 0:00:27]} Bg7 {[%clk 0:00:52]} 31. b3
{[%clk 0:00:25]} R8e6 {[%clk 0:00:52]} 32. Rcd1 {[%clk 0:00:19]} Rf6
{[%clk 0:00:54]} 33. Bf4 {[%clk 0:00:09]} Rfe6 {[%clk 0:00:49]} 34. Be3
{[%clk 0:00:10]} a3 {[%clk 0:00:50]} 35. Rd6 {[%clk 0:00:08]} Qc7
{[%clk 0:00:46]} 36. Rxe6 {[%clk 0:00:09]} Rxe6 {[%clk 0:00:47]} 37. Qd5
{[%clk 0:00:09]} Kh7 {[%clk 0:00:43]} 38. Bf4 {[%clk 0:00:09]} Qc8
{[%clk 0:00:40]} 39. Qd7 {[%clk 0:00:09]} Qxc5 {[%clk 0:00:33]} 40. Qxf7
{[%clk 0:00:07]} Re2 {[%clk 0:00:29]} 41. Rd6 {[%clk 0:00:04]} Qxf2+ 0-1

[Event "blitmenteam"]
[Site "?"]
[Date "2016.10.07"]
[Round "14.2"]
[White "Zakhartsov, Vladimir"]
[Black "Morozevich, Alexander"]
[Result "0-1"]
[LiveChessVersion "1.4.4"]
[BlackElo "2669"]
[WhiteElo "2527"]

1. e4 {[%clk 0:03:03]} e5 {[%clk 0:03:03]} 2. Nf3 {[%clk 0:03:05]} Nc6
{[%clk 0:03:03]} 3. Bb5 {[%clk 0:03:06]} a6 {[%clk 0:03:04]} 4. Ba4
{[%clk 0:03:07]} Nf6 {[%clk 0:03:03]} 5. O-O {[%clk 0:03:07]} Be7
{[%clk 0:03:04]} 6. Bxc6 dxc6 {[%clk 0:03:04]} 7. d3 {[%clk 0:03:09]} Nd7
{[%clk 0:03:04]} 8. b3 {[%clk 0:03:10]} c5 {[%clk 0:02:52]} 9. Bb2
{[%clk 0:03:10]} f6 {[%clk 0:02:48]} 10. Nh4 {[%clk 0:03:11]} O-O
{[%clk 0:02:49]} 11. Nf5 {[%clk 0:03:11]} Nb8 {[%clk 0:02:48]} 12. Qg4
{[%clk 0:03:01]} g6 {[%clk 0:02:48]} 13. Nxe7+ {[%clk 0:03:01]} Qxe7
{[%clk 0:02:49]} 14. Qg3 {[%clk 0:03:00]} Nc6 {[%clk 0:02:49]} 15. Nd2
{[%clk 0:02:59]} Nb4 {[%clk 0:02:19]} 16. Rfc1 {[%clk 0:02:36]} g5
{[%clk 0:02:19]} 17. Nc4 {[%clk 0:02:27]} Rf7 {[%clk 0:02:13]} 18. Ne3
{[%clk 0:02:27]} Be6 {[%clk 0:02:13]} 19. h4 {[%clk 0:02:18]} h6 {[%clk 0:02:14]}
20. hxg5 {[%clk 0:02:14]} hxg5 {[%clk 0:02:14]} 21. f3 {[%clk 0:02:14]} Rh7
{[%clk 0:01:53]} 22. Kf2 {[%clk 0:02:12]} Kf7 {[%clk 0:01:54]} 23. Rh1
{[%clk 0:02:07]} Rah8 {[%clk 0:01:55]} 24. Rxh7+ {[%clk 0:02:04]} Rxh7
{[%clk 0:01:56]} 25. a3 {[%clk 0:01:52]} Nc6 {[%clk 0:01:57]} 26. Ke2
{[%clk 0:01:23]} Nd4+ {[%clk 0:01:51]} 27. Kd2 {[%clk 0:01:21]} b5
{[%clk 0:01:47]} 28. Re1 {[%clk 0:00:56]} Qd6 {[%clk 0:01:34]} 29. Kc1
{[%clk 0:00:47]} a5 {[%clk 0:01:35]} 30. Qf2 {[%clk 0:00:41]} a4 {[%clk 0:01:33]}
31. bxa4 {[%clk 0:00:40]} bxa4 {[%clk 0:01:29]} 32. Qd2 {[%clk 0:00:39]} Qb6
{[%clk 0:01:00]} 33. Qc3 {[%clk 0:00:32]} Kg6 {[%clk 0:01:02]} 34. Qd2
{[%clk 0:00:21]} c6 {[%clk 0:01:02]} 35. Rf1 {[%clk 0:00:18]} Rb7
{[%clk 0:01:01]} 36. Nd1 {[%clk 0:00:13]} c4 {[%clk 0:00:59]} 37. f4
{[%clk 0:00:10]} gxf4 {[%clk 0:00:59]} 38. g3 {[%clk 0:00:10]} cxd3 39. Qxd3
{[%clk 0:00:05]} f3 {[%clk 0:00:48]} 40. Bxd4 {[%clk 0:00:06]} Qxd4
{[%clk 0:00:48]} 41. Qxf3 Rf7 {[%clk 0:00:23]} 42. Rh1 {[%clk 0:00:05]} Kg7
{[%clk 0:00:23]} 43. Nc3 {[%clk 0:00:05]} f5 {[%clk 0:00:14]} 44. exf5
{[%clk 0:00:05]} Bxf5 {[%clk 0:00:15]} 45. Rf1 {[%clk 0:00:03]} Bg6
{[%clk 0:00:15]} 0-1

[Event "blitmenteam"]
[Site "?"]
[Date "2016.10.07"]
[Round "14.3"]
[White "Popov, Ivan"]
[Black "Kovalev, Egor"]
[Result "1-0"]
[LiveChessVersion "1.4.4"]
[BlackElo "2228"]
[WhiteElo "2606"]

1. e4 {[%clk 0:03:03]} c5 {[%clk 0:03:04]} 2. Nf3 {[%clk 0:03:04]} e6
{[%clk 0:03:04]} 3. d4 {[%clk 0:03:05]} cxd4 {[%clk 0:03:05]} 4. Nxd4
{[%clk 0:03:06]} Nf6 {[%clk 0:03:07]} 5. Nc3 {[%clk 0:03:07]} d6 {[%clk 0:03:08]}
6. g4 {[%clk 0:03:02]} h6 {[%clk 0:03:08]} 7. Rg1 {[%clk 0:02:56]} Nc6
{[%clk 0:03:09]} 8. Be3 {[%clk 0:02:47]} a6 {[%clk 0:03:08]} 9. h4
{[%clk 0:02:44]} h5 {[%clk 0:03:09]} 10. gxh5 {[%clk 0:02:44]} Nxh5
{[%clk 0:03:10]} 11. Bg5 {[%clk 0:02:36]} Qb6 {[%clk 0:03:11]} 12. Nb3
{[%clk 0:02:37]} Qc7 {[%clk 0:03:12]} 13. Be2 {[%clk 0:02:32]} Nf6
{[%clk 0:03:12]} 14. Qd2 {[%clk 0:02:24]} b5 {[%clk 0:03:12]} 15. a3
{[%clk 0:02:25]} Bb7 {[%clk 0:03:00]} 16. O-O-O {[%clk 0:02:24]} b4
{[%clk 0:03:00]} 17. axb4 {[%clk 0:02:22]} Nxb4 {[%clk 0:02:59]} 18. Bxf6
{[%clk 0:02:15]} gxf6 {[%clk 0:02:58]} 19. Qd4 {[%clk 0:02:10]} Nc6
{[%clk 0:02:28]} 20. Qxf6 {[%clk 0:02:09]} Rh6 {[%clk 0:02:29]} 21. Qf4
{[%clk 0:01:59]} Qe7 {[%clk 0:02:29]} 22. h5 {[%clk 0:01:40]} Qf6
{[%clk 0:02:04]} 23. Qg3 {[%clk 0:01:25]} Rh8 {[%clk 0:01:31]} 24. Kb1
{[%clk 0:01:24]} Rc8 {[%clk 0:01:19]} 25. f4 {[%clk 0:01:22]} Bh6
{[%clk 0:01:08]} 26. Rgf1 {[%clk 0:01:20]} Ke7 {[%clk 0:01:02]} 27. Rxd6
{[%clk 0:01:14]} Bxf4 {[%clk 0:00:28]} 28. Rxf4 {[%clk 0:01:10]} Rhg8
{[%clk 0:00:23]} 29. Qf2 {[%clk 0:00:47]} Rg1+ {[%clk 0:00:14]} 30. Qxg1
{[%clk 0:00:44]} Qxf4 {[%clk 0:00:15]} 31. Rd1 {[%clk 0:00:43]} Nb4
{[%clk 0:00:16]} 32. Qb6 {[%clk 0:00:41]} 1-0

[Event "blitmenteam"]
[Site "?"]
[Date "2016.10.07"]
[Round "14.4"]
[White "Babikov, Ivan"]
[Black "Motylev, Alexander"]
[Result "1/2-1/2"]
[LiveChessVersion "1.4.4"]
[BlackElo "2613"]
[WhiteElo "2189"]

1. e4 {[%clk 0:03:03]} c5 {[%clk 0:03:03]} 2. Nf3 {[%clk 0:03:04]} Nc6
{[%clk 0:03:04]} 3. c3 {[%clk 0:03:04]} Nf6 {[%clk 0:03:05]} 4. e5
{[%clk 0:03:06]} Nd5 {[%clk 0:03:06]} 5. d4 {[%clk 0:03:07]} cxd4
{[%clk 0:03:07]} 6. Bc4 {[%clk 0:03:04]} Nb6 {[%clk 0:03:05]} 7. Bb3
{[%clk 0:03:04]} d6 {[%clk 0:03:06]} 8. cxd4 {[%clk 0:02:54]} e6 {[%clk 0:02:38]}
9. Qe2 {[%clk 0:02:33]} dxe5 {[%clk 0:02:34]} 10. dxe5 {[%clk 0:02:34]} Bb4+
{[%clk 0:02:29]} 11. Nc3 {[%clk 0:02:31]} O-O {[%clk 0:02:24]} 12. O-O
{[%clk 0:02:31]} Nd4 {[%clk 0:02:19]} 13. Nxd4 {[%clk 0:02:27]} Qxd4
{[%clk 0:02:20]} 14. Rd1 {[%clk 0:02:22]} Qc5 {[%clk 0:02:17]} 15. Qe4
{[%clk 0:02:09]} Qe7 {[%clk 0:02:04]} 16. Bc2 {[%clk 0:02:03]} g6
{[%clk 0:02:04]} 17. Qg4 {[%clk 0:01:20]} Bxc3 {[%clk 0:01:44]} 18. bxc3
{[%clk 0:01:19]} Nd7 {[%clk 0:01:34]} 19. Bg5 {[%clk 0:01:14]} Qc5
{[%clk 0:01:28]} 20. Bh6 {[%clk 0:01:00]} Nxe5 {[%clk 0:00:58]} 21. Bxf8
{[%clk 0:00:57]} Qxf8 {[%clk 0:00:52]} 22. Qg5 {[%clk 0:00:53]} f6
{[%clk 0:00:38]} 23. Qg3 {[%clk 0:00:54]} Qe7 {[%clk 0:00:34]} 24. f4
{[%clk 0:00:51]} Nf7 {[%clk 0:00:35]} 1/2-1/2

[Event "blitmenteam"]
[Site "?"]
[Date "2016.10.07"]
[Round "14.5"]
[White "Levdansky, Alexey"]
[Black "Ponkratov, Pavel"]
[Result "0-1"]
[LiveChessVersion "1.4.4"]
[BlackElo "2679"]
[WhiteElo "1718"]

1. d4 {[%clk 0:03:02]} Nf6 {[%clk 0:03:03]} 2. c4 {[%clk 0:03:03]} e5
{[%clk 0:03:04]} 3. dxe5 {[%clk 0:03:02]} Ng4 {[%clk 0:03:06]} 4. Nf3
{[%clk 0:03:02]} Bc5 {[%clk 0:03:07]} 5. e3 {[%clk 0:03:01]} Nc6 {[%clk 0:03:09]}
6. Nc3 {[%clk 0:02:58]} O-O {[%clk 0:03:09]} 7. Be2 {[%clk 0:02:57]} Re8
{[%clk 0:03:10]} 8. O-O {[%clk 0:02:56]} Ngxe5 {[%clk 0:03:10]} 9. Nxe5
{[%clk 0:02:52]} Nxe5 {[%clk 0:03:11]} 10. b3 {[%clk 0:02:49]} a5
{[%clk 0:03:12]} 11. Bb2 {[%clk 0:02:50]} Ra6 {[%clk 0:03:13]} 12. h3
{[%clk 0:02:44]} Rg6 {[%clk 0:03:11]} 13. Nd5 {[%clk 0:02:33]} d6
{[%clk 0:03:08]} 14. Nf4 {[%clk 0:02:33]} Rh6 {[%clk 0:03:09]} 15. Qc2
{[%clk 0:02:17]} Qg5 {[%clk 0:03:00]} 16. g4 {[%clk 0:01:46]} Nxg4
{[%clk 0:02:23]} 17. Bxg4 {[%clk 0:01:21]} Bxg4 {[%clk 0:02:24]} 18. hxg4
{[%clk 0:01:14]} Qxg4+ {[%clk 0:02:25]} 19. Ng2 {[%clk 0:01:13]} Qh3
{[%clk 0:02:26]} 20. f3 {[%clk 0:01:09]} Rxe3 {[%clk 0:02:27]} 21. Kf2
{[%clk 0:00:38]} Qxf3+ {[%clk 0:02:17]} 22. Kg1 {[%clk 0:00:38]} Re2+
{[%clk 0:02:18]} 0-1

[Event "blitmenteam"]
[Site "?"]
[Date "2016.10.07"]
[Round "14.6"]
[White "Khismatullin, Denis"]
[Black "Tsoi, Dmitry"]
[Result "1-0"]
[LiveChessVersion "1.4.4"]
[BlackElo "2179"]
[WhiteElo "2604"]

1. d4 {[%clk 0:03:03]} Nf6 {[%clk 0:03:04]} 2. c4 {[%clk 0:03:04]} e6
{[%clk 0:03:05]} 3. Nf3 {[%clk 0:03:05]} d5 {[%clk 0:03:06]} 4. Nc3
{[%clk 0:03:06]} Be7 {[%clk 0:03:07]} 5. Bg5 {[%clk 0:03:02]} O-O
{[%clk 0:03:07]} 6. e3 {[%clk 0:03:03]} Nbd7 {[%clk 0:03:08]} 7. Rc1
{[%clk 0:03:02]} a6 {[%clk 0:03:09]} 8. cxd5 {[%clk 0:03:02]} exd5
{[%clk 0:03:10]} 9. Bd3 {[%clk 0:03:03]} c6 {[%clk 0:03:08]} 10. O-O
{[%clk 0:03:00]} h6 {[%clk 0:03:09]} 11. Bh4 {[%clk 0:03:00]} Ne8
{[%clk 0:03:10]} 12. Bg3 {[%clk 0:02:59]} Bd6 {[%clk 0:03:11]} 13. Ne5
{[%clk 0:02:47]} Bxe5 {[%clk 0:02:37]} 14. dxe5 {[%clk 0:02:47]} Qe7
{[%clk 0:02:38]} 15. Qh5 {[%clk 0:02:33]} Qg5 {[%clk 0:02:12]} 16. Qxg5
{[%clk 0:02:30]} hxg5 {[%clk 0:02:13]} 17. f4 {[%clk 0:02:23]} Nc7
{[%clk 0:02:00]} 18. Bb1 {[%clk 0:01:38]} Re8 {[%clk 0:01:53]} 19. h4
{[%clk 0:01:28]} g4 {[%clk 0:01:14]} 20. e4 {[%clk 0:01:15]} f6 {[%clk 0:00:17]}
21. Nxd5 {[%clk 0:01:02]} Nxd5 {[%clk 0:00:15]} 22. exd5 {[%clk 0:01:03]} cxd5
{[%clk 0:00:16]} 23. Bg6 {[%clk 0:01:01]} Re7 {[%clk 0:00:05]} 24. Rc7
{[%clk 0:00:59]} Kf8 {[%clk 0:00:06]} 25. Rfc1 {[%clk 0:00:55]} Nb6
{[%clk 0:00:07]} 26. Bf2 {[%clk 0:00:45]} Rxc7 1-0

[Event "blitmenteam"]
[Site "?"]
[Date "2016.10.07"]
[Round "14.7"]
[White "Poliakov, Artem"]
[Black "Pridorozhni, Aleksei"]
[Result "0-1"]
[LiveChessVersion "1.4.4"]
[BlackElo "2611"]
[WhiteElo "2095"]

1. d4 {[%clk 0:03:02]} d5 {[%clk 0:03:03]} 2. c4 {[%clk 0:03:03]} e6
{[%clk 0:03:04]} 3. cxd5 {[%clk 0:03:04]} exd5 {[%clk 0:03:05]} 4. Nc3
{[%clk 0:03:05]} c6 {[%clk 0:03:06]} 5. Nf3 {[%clk 0:03:03]} Bf5 {[%clk 0:03:05]}
6. Bg5 {[%clk 0:03:04]} Be7 {[%clk 0:03:04]} 7. Bxe7 {[%clk 0:03:04]} Qxe7
{[%clk 0:03:05]} 8. e3 {[%clk 0:03:05]} Nd7 {[%clk 0:03:05]} 9. Bd3
{[%clk 0:03:06]} Bxd3 {[%clk 0:03:05]} 10. Qxd3 {[%clk 0:03:06]} Ngf6
{[%clk 0:03:07]} 11. Nd2 {[%clk 0:03:06]} a5 {[%clk 0:03:03]} 12. h3
{[%clk 0:03:05]} O-O {[%clk 0:03:02]} 13. O-O Rfe8 14. b3 {[%clk 0:02:57]} Nf8
{[%clk 0:03:05]} 15. Rfe1 {[%clk 0:02:49]} Ne6 {[%clk 0:03:05]} 16. e4
{[%clk 0:02:43]} dxe4 {[%clk 0:03:03]} 17. Ndxe4 {[%clk 0:02:42]} Rad8
{[%clk 0:02:54]} 18. Rad1 {[%clk 0:02:35]} h6 {[%clk 0:02:36]} 19. Nxf6+
{[%clk 0:02:33]} Qxf6 {[%clk 0:02:37]} 20. d5 {[%clk 0:02:30]} Nf4
{[%clk 0:02:37]} 21. Rxe8+ {[%clk 0:02:28]} Rxe8 {[%clk 0:02:38]} 22. Qf3
{[%clk 0:02:19]} cxd5 {[%clk 0:02:21]} 23. Nxd5 {[%clk 0:02:09]} Nxd5
{[%clk 0:02:03]} 24. Qxd5 {[%clk 0:02:10]} b6 {[%clk 0:02:04]} 25. Rd2
{[%clk 0:02:06]} h5 {[%clk 0:01:42]} 26. g3 {[%clk 0:01:56]} h4 {[%clk 0:01:39]}
27. Kg2 {[%clk 0:01:49]} g6 {[%clk 0:01:35]} 28. Qd6 {[%clk 0:01:42]} Qf5
{[%clk 0:00:42]} 29. Qf4 {[%clk 0:01:16]} Qxf4 {[%clk 0:00:25]} 30. gxf4
{[%clk 0:01:17]} Re4 {[%clk 0:00:26]} 31. Kf3 {[%clk 0:01:16]} Rb4
{[%clk 0:00:27]} 32. Rd6 {[%clk 0:01:08]} Kg7 {[%clk 0:00:27]} 33. Rc6
{[%clk 0:01:03]} f5 {[%clk 0:00:24]} 34. Rc4 {[%clk 0:00:43]} Rb5 35. Rc7+
{[%clk 0:00:40]} Kh6 {[%clk 0:00:16]} 36. Rc6 {[%clk 0:00:39]} Rb4
{[%clk 0:00:12]} 37. Rc4 {[%clk 0:00:36]} Rb5 {[%clk 0:00:13]} 38. Rc6
{[%clk 0:00:37]} a4 {[%clk 0:00:11]} 39. bxa4 {[%clk 0:00:37]} Rb4
{[%clk 0:00:13]} 40. a3 Rb3+ {[%clk 0:00:11]} 41. Kg2 {[%clk 0:00:19]} Rxa3
{[%clk 0:00:12]} 42. Rxb6 {[%clk 0:00:20]} Rd3 {[%clk 0:00:14]} 43. Re6
{[%clk 0:00:22]} Kg7 {[%clk 0:00:14]} 44. Rb6 {[%clk 0:00:23]} Kf6
{[%clk 0:00:14]} 0-1

[Event "blitmenteam"]
[Site "?"]
[Date "2016.10.07"]
[Round "14.8"]
[White "Kryakvin, Dmitry"]
[Black "Tsvetkov, Andrey"]
[Result "1-0"]
[LiveChessVersion "1.4.4"]
[BlackElo "1917"]
[WhiteElo "2522"]

1. d4 {[%clk 0:03:03]} Nf6 {[%clk 0:03:03]} 2. c4 {[%clk 0:03:04]} c6
{[%clk 0:03:04]} 3. Nf3 {[%clk 0:03:05]} d5 {[%clk 0:03:06]} 4. Nc3
{[%clk 0:03:06]} e6 {[%clk 0:03:05]} 5. cxd5 {[%clk 0:03:04]} exd5
{[%clk 0:03:05]} 6. Qc2 {[%clk 0:03:06]} Bd6 {[%clk 0:03:04]} 7. Bg5
{[%clk 0:03:07]} Bg4 {[%clk 0:02:55]} 8. e3 {[%clk 0:03:05]} Nbd7
{[%clk 0:02:54]} 9. Bd3 {[%clk 0:03:06]} h6 {[%clk 0:02:51]} 10. Bh4
{[%clk 0:03:07]} O-O {[%clk 0:02:48]} 11. O-O-O {[%clk 0:03:00]} b5
{[%clk 0:02:40]} 12. Kb1 {[%clk 0:03:00]} a5 {[%clk 0:02:36]} 13. h3
{[%clk 0:03:00]} Be6 {[%clk 0:02:32]} 14. g4 {[%clk 0:03:00]} a4 {[%clk 0:02:20]}
15. Rhg1 {[%clk 0:02:48]} Nb6 {[%clk 0:02:09]} 16. Ne5 {[%clk 0:02:29]} b4
{[%clk 0:01:12]} 17. Ne2 {[%clk 0:02:16]} g5 {[%clk 0:00:29]} 18. Bg3
{[%clk 0:02:17]} Bxe5 {[%clk 0:00:21]} 19. dxe5 {[%clk 0:02:01]} Nfd7
{[%clk 0:00:16]} 20. Nd4 {[%clk 0:01:35]} 1-0

[Event "blitmenteam"]
[Site "?"]
[Date "2016.10.07"]
[Round "14.9"]
[White "Alexeev, Alexey"]
[Black "Savchenko, Boris"]
[Result "0-1"]
[LiveChessVersion "1.4.4"]
[BlackElo "2626"]
[WhiteElo "2230"]

1. e4 {[%clk 0:03:03]} c5 {[%clk 0:03:04]} 2. a3 {[%clk 0:03:04]} d5
{[%clk 0:03:03]} 3. exd5 {[%clk 0:03:04]} Qxd5 {[%clk 0:03:03]} 4. Nc3
{[%clk 0:03:05]} Qd8 {[%clk 0:03:01]} 5. Nf3 {[%clk 0:03:02]} e6 {[%clk 0:03:00]}
6. d4 {[%clk 0:02:55]} Nf6 {[%clk 0:02:59]} 7. Bb5+ {[%clk 0:02:48]} Bd7
{[%clk 0:02:58]} 8. Bxd7+ {[%clk 0:02:39]} Qxd7 {[%clk 0:02:57]} 9. O-O
{[%clk 0:02:36]} Nc6 {[%clk 0:02:56]} 10. dxc5 {[%clk 0:02:29]} Bxc5
{[%clk 0:02:52]} 11. Bg5 {[%clk 0:02:26]} Qxd1 {[%clk 0:02:49]} 12. Raxd1
{[%clk 0:02:25]} a6 {[%clk 0:02:39]} 13. Bxf6 {[%clk 0:02:20]} gxf6
{[%clk 0:02:40]} 14. Ne4 {[%clk 0:02:18]} Be7 {[%clk 0:02:40]} 15. Nd6+
{[%clk 0:02:18]} Bxd6 {[%clk 0:02:27]} 16. Rxd6 {[%clk 0:02:19]} Rc8
{[%clk 0:02:28]} 17. Rfd1 {[%clk 0:02:11]} Rg8 {[%clk 0:02:24]} 18. h3
{[%clk 0:02:05]} Na5 {[%clk 0:02:08]} 19. b3 {[%clk 0:02:02]} Nc6
{[%clk 0:01:57]} 20. Kf1 {[%clk 0:01:58]} Nb8 {[%clk 0:01:32]} 21. c4
{[%clk 0:01:53]} Ke7 {[%clk 0:01:32]} 22. g3 {[%clk 0:01:45]} Rc7
{[%clk 0:01:30]} 23. Ke2 {[%clk 0:01:38]} Nd7 {[%clk 0:01:30]} 24. R6d4
{[%clk 0:01:25]} Nc5 {[%clk 0:01:23]} 25. b4 {[%clk 0:01:18]} e5 {[%clk 0:01:16]}
26. Rh4 {[%clk 0:01:12]} Na4 {[%clk 0:01:16]} 27. Rc1 {[%clk 0:01:06]} Rgc8
{[%clk 0:01:12]} 28. c5 {[%clk 0:00:58]} b6 {[%clk 0:01:12]} 29. Rxh7
{[%clk 0:00:54]} bxc5 {[%clk 0:01:13]} 30. bxc5 {[%clk 0:00:55]} Rxc5
{[%clk 0:01:06]} 31. Rxc5 {[%clk 0:00:49]} Rxc5 {[%clk 0:01:07]} 32. Rh8
{[%clk 0:00:48]} Rc3 {[%clk 0:01:05]} 33. h4 {[%clk 0:00:37]} Rxa3
{[%clk 0:01:05]} 34. h5 {[%clk 0:00:38]} Nc3+ {[%clk 0:01:06]} 35. Kf1
{[%clk 0:00:34]} Ne4 {[%clk 0:01:02]} 36. Kg2 {[%clk 0:00:32]} Ra2
{[%clk 0:01:03]} 37. Nh4 {[%clk 0:00:25]} Rxf2+ {[%clk 0:01:03]} 38. Kg1
{[%clk 0:00:26]} Rb2 {[%clk 0:00:46]} 39. h6 {[%clk 0:00:21]} Ng5
{[%clk 0:00:45]} 40. h7 {[%clk 0:00:12]} Nxh7 {[%clk 0:00:45]} 41. Rxh7
{[%clk 0:00:13]} Rb8 {[%clk 0:00:38]} 42. Rh5 {[%clk 0:00:08]} a5
{[%clk 0:00:38]} 43. Rf5 {[%clk 0:00:09]} Rb1+ {[%clk 0:00:37]} 44. Kg2
{[%clk 0:00:10]} Rb2+ {[%clk 0:00:37]} 45. Kg1 {[%clk 0:00:07]} a4
{[%clk 0:00:37]} 46. Rf1 {[%clk 0:00:05]} a3 {[%clk 0:00:38]} 47. Ra1
{[%clk 0:00:06]} a2 {[%clk 0:00:39]} 48. Ng2 {[%clk 0:00:06]} Rb1+
{[%clk 0:00:40]} 0-1